00562 2200205 4500001002100000005001500021035002000036245009700056100002100153250000600174300003300180700001700213260003100230082001100261084001800272020002200290650001000312990001700322990001700339INLIS00000000000136320190925022837 a0010-09190000671 aSeri Pengayaan PAI untuk SD / MI :bMengenal Puasa /cH. Himawan, M.Pd; Editor, Hijrah Ahmad0 aH. Himawan, M.Pd a- ax, 48 cm. :bilus. ;c21 cm.0 aHijrah Ahmad aJakarta :bErlangga,c2018 a297.53 a297.53 HIM s a978-602-298-561-7 aPuasa a04710/P/2018 a04711/P/2018